| 000 | 01095cam a2200313 i 4500 | ||
|---|---|---|---|
| 001 | 000003720 | ||
| 003 | DO-SdBNP | ||
| 005 | 20240716111232.0 | ||
| 007 | ta | ||
| 008 | 000711s1999 dr r 000 0 spa | ||
| 020 | _a9993480401 | ||
| 040 |
_aDO-SdBNP _bspa _cBNPHU _erda |
||
| 082 | 4 |
_a306.4097293 _bS127a 1999 _222 |
|
| 100 | 1 |
_aSáez, José L., _911332 _eautor |
|
| 245 | 1 | 0 |
_aApuntes para la historia de la cultura dominicana / _cJosé Luis Sáez. |
| 250 | _a2a edición corregida y aumentada | ||
| 264 | 1 |
_aSanto Domingo : _bEditora Búho, _c1999. |
|
| 300 |
_a124 páginas ; _c21 cm. |
||
| 336 |
_2rdacontent _atexto _btxt |
||
| 337 |
_2rdamedia _asin mediación _bn |
||
| 338 |
_2rdacarrier _avolumen _bnc |
||
| 500 | _aIncluye referencias bibliográficas y notas al pie de las páginas | ||
| 590 | _aInventariado, 2018/MFF | ||
| 650 | 4 |
_aIdentidad cultural _zRepública Dominicana _xHistoria _91951 |
|
| 650 | 4 |
_aCultura _zRepública Dominicana _91983 |
|
| 651 | 4 |
_aRepública Dominicana _xCivilización _97739 |
|
| 910 | _aValidado. Control de calidad MMOLINA | ||
| 942 |
_2ddc _cLBS1 |
||
| 999 |
_c3542 _d3542 |
||